000 01085nam a2200313 i 4500
003 EG-GICUC
005 20260421073412.0
008 260421s1928 fr |||fr|||| 00| 0 fre d
040 _aEG-GiCUC
_bfre
_cEG-GiCUC
_dEG-GiCUC
_eRda
041 _afre
082 0 4 _221
_a343.11222
_bJA . V
092 0 4 _221
099 _aLaw1 10 343.11222 JA . V 1928
100 1 _aJauffret, Alfred
_eAuteur
245 1 3 _aLa Vente à tempérament des valeurs mobilières devant la loi pénale /
_cAlfred Jauffret.
264 1 _aParis :
_bSociété anonyme du "Recueil Sirey,
_c1928.
300 _a47 page :
_billustration ;
_c 24 cm.
336 _2rda contenu
_a texte
337 _2rda medias
_aOrdinateur
338 _2 transporteur rda
_a Ressource en ligne
500 _a(Extrait des Etudes Criminologiques de Novembre-Décembre 1927)
546 _aTexte en français
650 1 4 _aProtection des contrats civils
_2qrmak
650 1 4 _aSciences Criminelles
651 1 _2qrmak
856 4 0 _uhttps://fll.law.cu.edu.eg/fulltext/bks/B10-10390.pdf
905 _a161
942 _2ddc
_cBK
_e21
_n0
999 _c72512
_d72512